Kanye West Unreleased Albums - Statistics

General Stats
  • This quiz has been taken 2,419 times
    1,266 since last reset
  • The average score is 24 of 33
Answer Stats
Answer % Correct
Donda
95%
Vultures 1
95%
Ye
95%
Graduation
94%
Vultures 2
94%
Late Registration
93%
My Beautiful Dark Twisted Fantasy
93%
The College Dropout
93%
Yeezus
93%
Jesus is King
92%
The Life of Pablo
92%
Watch the Throne
91%
808s & Heartbreak
90%
Kids See Ghosts
90%
Donda 2
89%
Good Ass Job
88%
Job Well Done/Good Ass Job
88%
Vultures 3
79%
Yandhi
79%
Bully
77%
Cruel Summer
75%
Cruel Winter
65%
Yeezus II
63%
Wolves/Calabasas is the New Abu Dhabi
58%
WAR
55%
Thank God for Drugs
50%
TurboGrafx16
48%
So Help Me God
44%
Jesus is King II
43%
Love Everyone
41%
God's Country
36%
Watch the Throne 2
34%
Child Rebel Soldier/God Unwilling
29%
No matching quizzes found
Score Distribution
Percent of People with Each Score
Percentile by Number Answered
Your Score History
You have not taken this quiz since the last reset